| 000 | 00537nam a2200229Ia 4500 | ||
|---|---|---|---|
| 003 | OSt | ||
| 005 | 20250724151846.0 | ||
| 008 | 210423s2002 xx 000 0 und d | ||
| 020 | _a8178086239 | ||
| 040 | _cAL | ||
| 041 | _aEnglish | ||
| 082 |
_a150 _bBARP |
||
| 100 |
_aRobert A Baron _9114944 |
||
| 245 | _aPsychology | ||
| 250 | _a5 | ||
| 260 |
_aDelhi _bPearson Education Pvt Ltd _c2002 |
||
| 365 |
_b350 _cINR |
||
| 650 |
_aPhilosophy _9114945 |
||
| 650 |
_aPsychology _9114946 |
||
| 906 | _aPsychology | ||
| 942 |
_2ddc _cBK |
||
| 999 |
_c173399 _d173399 |
||